Κατάλογος Βιβλιοθηκών Mediterranean College

Creative Development in the Early Years Foundation Stage / Practical Guidance in the EYFS (Record no. 6039)

MARC details
000 -LEADER
fixed length control field 01356cam a22002054a 4500
005 - ΗΜΕΡΟΜΗΝΙΑ ΚΑΙ ΩΡΑ ΤΕΛΕΥΤΑΙΑΣ ΕΝΗΜΕΡΩΣΗΣ
Πεδίο ελέγχου 20250605164231.0
008 - FIXED-LENGTH DATA ELEMENTS--GENERAL INFORMATION
Πεδίο ελέγχου σταθερού μήκους 250528s ||||||||||||||||||||||||d
035 ## - SYSTEM CONTROL NUMBER
System control number 20962
020 ## - ISBN
ISBN 9780415476539
040 ## - ΠΗΓΗ ΚΑΤΑΛΟΓΟΓΡΑΦΗΣΗΣ
Φορέας πρωτότυπης καταλογογράφησης MC Athens Campus Library
Γλώσσα καταλογογράφησης Ελληνικά, Μοντέρνα (1453-)
Modifying agency MC Athens Campus Library
Κανόνες περιγραφικής καταλογογράφησης AACR2
245 1# - ΤΙΤΛΟΣ ΚΑΙ ΔΗΛΩΣΗ ΥΠΕΥΘΥΝΟΤΗΤΑΣ
Τίτλος Creative Development in the Early Years Foundation Stage / Practical Guidance in the EYFS
260 ## - PUBLICATION, DISTRIBUTION, ETC.
Name of publisher, distributor, etc. Rouledge,
Date of publication, distribution, etc. 2009
300 ## - PHYSICAL DESCRIPTION
Extent 136
520 ## - SUMMARY, ETC.
Summary, etc. The Practical Guidance in the EYFS series will assist practitioners in the smooth and successful implementation of the Early Years Foundation Stage. Acknowledgements, Introduction, A Theoretical Base, Conclusion, Being Creative, From Birth-11 Months, From 8-20 Months, From 16-26 Months, From 22-36 Months, From 30-50 Months, From 40-60 Months, Exploring Media and Materials, From Birth-11 Months, From 8-20 Months, From 16-26 Months, From 22-36 Months, From 30-50 Months, From 40-60 Months, Creating Music and Dance, From Birth-11 Months, From 8-20 Months, From 16-26 Months, From 22-36 Months, From 30-50 Months, From 40-60 Months, Developing Imagination and Imaginative Play, From Birth-11 Months, From 8-20 Months, From 16-26 Months, From 22-36 Months, From 30-50 Months, From 40-60 Months, Bibliography.
700 1# - ΠΡΟΣΘΕΤΗ ΑΝΑΓΡΑΦΗ--ΦΥΣΙΚΟ ΠΡΟΣΩΠΟ
Personal name Green Sandy
9 (RLIN) 6955
700 1# - ΠΡΟΣΘΕΤΗ ΑΝΑΓΡΑΦΗ--ΦΥΣΙΚΟ ΠΡΟΣΩΠΟ
Personal name May Pamela
9 (RLIN) 6956
942 ## - ADDED ENTRY ELEMENTS (KOHA)
Koha item type Books
Holdings
Τύπος τεκμηρίου Βιβλιοθήκη Τρέχουσα τοποθεσία Barcode Αριθμός εισαγωγής Ημερομηνία απόκτησης Ταξιθετικό σύμβολο Αριθμός αντιτύπου Κατάσταση απόσυρσης Κατάσταση χαμένου Κατάσταση κατεστραμμένου Μη δανεισμός Σύνολο δανεισμών Ημερομηνία τελευταίας εμφάνισης Η τιμή ισχύει από
Books MC Athens Campus Library MC Athens Campus Library 9780000060389 6714 05/06/2025 370.15/2 MAY 1           05/06/2025 05/06/2025

MC Athens Campus Library
Πατησίων 94 & Κοδριγκτώνος 13, 104 34
Πελλήνης 8 & Πατησίων 107, 112 51
Τ: +30 210 8899600

MC Thessaloniki Campus Library
Ίωνος Δραγούμη 21, 54625 | Ίωνος Δραγούμη 15, 54625
Τ: +30 2310 287779 – Τ: +30 2314 440300